[Event "POL-chT U19 2nd League"]
[Site "Iwonicz"]
[Date "2016.07.31"]
[Round "9.67"]
[White "Miasik, Adrian"]
[Black "Sloniewski, Kacper"]
[Result "1-0"]
[WhiteElo "1950"]
[BlackElo "1168"]
[PlyCount "63"]
[EventDate "2016.07.23"]
[EventType "team-swiss"]
[EventRounds "11"]
[EventCountry "POL"]
[SourceTitle "EXT 2019"]
[Source "ChessBase"]
[SourceDate "2018.10.10"]
[SourceVersion "1"]
[SourceVersionDate "2018.10.10"]
[SourceQuality "1"]
[WhiteTeam "Rzeszow RzKSz U19"]
[BlackTeam "Zielonka Zieloni U20"]
[WhiteTeamCountry "POL"]
[BlackTeamCountry "POL"]

1. d4 g6 2. Nf3 Bg7 3. c4 d6 4. Nc3 Nd7 5. e4 e6 6. Be2 a6 7. 0-0 c5 8. Be3 b6 9. Qd2 Ne7 10. dxc5 dxc5 11. Rad1 0-0 12. Bh6 Qc7 13. Bxg7 Kxg7 14. a3 Rd8 15. Qd6 Qxd6 16. Rxd6 Re8 17. Rfd1 Ra7 18. R1d2 Rb7 19. Bd1 Nf6 20. Ba4 Rf8 21. Ne5 Nh5 22. g3 Nf6 23. f3 h5 24. b4 Nh7 25. Kf2 f6 26. Nd3 cxb4 27. axb4 Ng5 28. c5 b5 29. Bb3 Nf7 30. Rxa6 Rd7 31. Raa2 Rd4 32. Nxb5 1-0

[Event "POL-chT U19 2nd League"]
[Site "Iwonicz"]
[Date "2016.07.31"]
[Round "4.49"]
[White "Sloniewski, Kacper"]
[Black "Domanski, Lukasz"]
[Result "0-1"]
[WhiteElo "1168"]
[BlackElo "2001"]
[PlyCount "56"]
[EventDate "2016.07.23"]
[EventType "team-swiss"]
[EventRounds "11"]
[EventCountry "POL"]
[SourceTitle "EXT 2019"]
[Source "ChessBase"]
[SourceDate "2018.10.10"]
[SourceVersion "1"]
[SourceVersionDate "2018.10.10"]
[SourceQuality "1"]
[WhiteTeam "Zielonka Zieloni U20"]
[BlackTeam "Gliwice Akademia Szachowa U19"]
[WhiteTeamCountry "POL"]
[BlackTeamCountry "POL"]

1. c4 b6 2. Nf3 Bb7 3. g3 Bxf3 4. exf3 c5 5. Bg2 Nc6 6. Nc3 g6 7. 0-0 Bg7 8. d3 Nh6 9. Be3 Nf5 10. Qd2 0-0 11. Rfe1 a6 12. Rab1 Rb8 13. a3 Nfd4 14. Ne2 b5 15. Nxd4 Nxd4 16. Bxd4 Bxd4 17. b3 e6 18. b4 Qf6 19. Rb3 Rfc8 20. bxc5 bxc4 21. Rxb8 Rxb8 22. Rc1 c3 23. Qd1 Rb2 24. Rc2 Qg5 25. f4 Qxc5 26. Qe2 Qxa3 27. Qd1 Rxc2 28. Qxc2 Qb2 0-1

[Event "POL-chT U19 2nd League"]
[Site "Iwonicz"]
[Date "2016.07.31"]
[Round "2.43"]
[White "Sloniewski, Kacper"]
[Black "Fus, Jakub"]
[Result "0-1"]
[WhiteElo "1168"]
[BlackElo "2025"]
[PlyCount "80"]
[EventDate "2016.07.23"]
[EventType "team-swiss"]
[EventRounds "11"]
[EventCountry "POL"]
[SourceTitle "EXT 2019"]
[Source "ChessBase"]
[SourceDate "2018.10.10"]
[SourceVersion "1"]
[SourceVersionDate "2018.10.10"]
[SourceQuality "1"]
[WhiteTeam "Zielonka Zieloni U20"]
[BlackTeam "Warszawa UKS Czternastka U19"]
[WhiteTeamCountry "POL"]
[BlackTeamCountry "POL"]

1. c4 Nf6 2. Nc3 c5 3. g3 d5 4. cxd5 Nxd5 5. Bg2 Nc7 6. d3 e5 7. Be3 Be7 8. Nf3 Nc6 9. Rc1 Rb8 10. Nd2 Bd7 11. Nd5 Ne6 12. Ne4 Ncd4 13. 0-0 Bc6 14. Nxe7 Qxe7 15. Bxd4 exd4 16. Qc2 Rc8 17. b3 0-0 18. f4 f5 19. Qc4 b5 20. Qc2 fxe4 21. dxe4 Bb7 22. Qd3 c4 23. bxc4 bxc4 24. Qc2 Qc5 25. Kh1 Kh8 26. Rfd1 Rfd8 27. f5 Ng5 28. h4 Nf7 29. Kh2 Ne5 30. Bh3 Rc6 31. e3 d3 32. Qc3 d2 33. Rxd2 Rxd2+ 34. Bg2 Rcd6 35. Rb1 Rxg2+ 36. Kxg2 Bxe4+ 37. Kh3 Bxb1 38. Qb2 Bxf5+ 39. Kh2 Rd2+ 40. Qxd2 Nf3+ 0-1

[Event "POL-chT U19 2nd League"]
[Site "Iwonicz"]
[Date "2016.07.31"]
[Round "5.61"]
[White "Zarnowski, Krzysztof"]
[Black "Sloniewski, Kacper"]
[Result "1-0"]
[WhiteElo "2034"]
[BlackElo "1168"]
[PlyCount "107"]
[EventDate "2016.07.23"]
[EventType "team-swiss"]
[EventRounds "11"]
[EventCountry "POL"]
[SourceTitle "EXT 2019"]
[Source "ChessBase"]
[SourceDate "2018.10.10"]
[SourceVersion "1"]
[SourceVersionDate "2018.10.10"]
[SourceQuality "1"]
[WhiteTeam "Brzozow UKS SP 1 U19"]
[BlackTeam "Zielonka Zieloni U20"]
[WhiteTeamCountry "POL"]
[BlackTeamCountry "POL"]

1. d4 Nf6 2. c4 c5 3. d5 b5 4. cxb5 a6 5. b6 d6 6. Nc3 g6 7. e4 Bg7 8. Be2 0-0 9. Nf3 Nbd7 10. 0-0 Qxb6 11. Nd2 Ne8 12. Nc4 Qb7 13. Bf4 Ne5 14. Nxe5 Bxe5 15. Bxe5 dxe5 16. Na4 Qb4 17. Qc2 Nd6 18. Nxc5 Bb7 19. a3 Qa5 20. b4 Qc7 21. Rac1 Nb5 22. Qb2 Nd4 23. Ne6 Nxe2+ 24. Qxe2 Qd6 25. Nxf8 Kxf8 26. Qe3 Kg7 27. Qc5 Rc8 28. Qa7 Rc7 29. Rxc7 Qxc7 30. Qc5 Qd7 31. f3 f6 32. Rc1 Kf7 33. h3 Ke8 34. Qb6 Qb5 35. Qxb5+ axb5 36. Rc7 Ba6 37. Rc6 Bb7 38. Rb6 Bc8 39. Rxb5 Kd7 40. Rc5 Bb7 41. b5 f5 42. Kf2 Kd6 43. Rc4 h5 44. a4 fxe4 45. fxe4 e6 46. dxe6 Kxe6 47. a5 Kd6 48. a6 Ba8 49. b6 Bc6 50. b7 h4 51. b8Q+ Kd7 52. Rxc6 g5 53. Qb7+ Kd8 54. Rc8# 1-0

[Event "POL-chT U19 2nd League"]
[Site "Szczyrk"]
[Date "2014.08.02"]
[Round "11.129"]
[White "Sloniewski, Kacper"]
[Black "Stanowski, Mateusz"]
[Result "1-0"]
[WhiteElo "1093"]
[BlackElo "1336"]
[PlyCount "93"]
[EventDate "2014.07.25"]
[EventType "team-swiss"]
[EventRounds "11"]
[EventCountry "POL"]
[SourceTitle "EXT 2015"]
[Source "ChessBase"]
[SourceDate "2014.11.20"]
[SourceVersion "1"]
[SourceVersionDate "2014.11.20"]
[SourceQuality "1"]
[WhiteTeam "Zielonka Zieloni U19"]
[BlackTeam "Belchatow LKS Stomil U19"]
[WhiteTeamCountry "POL"]
[BlackTeamCountry "POL"]

1. c4 e5 2. Nc3 Nf6 3. g3 Bc5 4. Bg2 c6 5. Nf3 d6 6. e3 0-0 7. d4 exd4 8. exd4 Bb4 9. 0-0 Bxc3 10. bxc3 Be6 11. Qb3 b5 12. Nd2 bxc4 13. Nxc4 Nbd7 14. Qa4 Bxc4 15. Qxc4 Rc8 16. Bf4 Nb6 17. Qa6 Qd7 18. Rab1 Nbd5 19. Bd2 Rb8 20. c4 Nb6 21. Be3 Rfe8 22. c5 dxc5 23. dxc5 Nbd5 24. Rxb8 Rxb8 25. Rd1 Qb7 26. Qxb7 Rxb7 27. Bg5 Rd7 28. Bxf6 gxf6 29. f4 Kf8 30. Kf2 Ke7 31. Bxd5 cxd5 32. Ke3 Rd8 33. Kd4 Kd7 34. Rb1 Kc6 35. Re1 Rd7 36. Re3 Rb7 37. Rb3 Rxb3 38. axb3 f5 39. b4 a6 40. Ke5 f6+ 41. Kd4 h6 42. h3 h5 43. h4 Kb5 44. Kxd5 Kxb4 45. c6 a5 46. c7 a4 47. c8Q 1-0